[Event "XIX Festival A"]
[Site "Porto San Giorgio ITA"]
[Date "2007.08.25"]
[Round "5"]
[White "Scipioni, Gaetano"]
[Black "Castaldo, Folco"]
[Result "1/2-1/2"]
[WhiteElo "2121"]
[BlackElo "2345"]
[PlyCount "145"]
[EventDate "2007.08.21"]

1. d4 e6 2. Nf3 f5 3. Bg5 Be7 4. Bxe7 Qxe7 5. Nbd2 Nf6 6. e3 d6 7. Bd3 e5 8.
dxe5 dxe5 9. Bc4 Nc6 10. c3 e4 11. Nd4 Ne5 12. Qa4+ c6 13. Qb3 a6 14. a4 c5 15.
Ne2 Nxc4 16. Nxc4 Rb8 17. Nb6 Be6 18. c4 O-O 19. O-O Rfd8 20. Rad1 Bf7 21. a5
Rxd1 22. Rxd1 Bh5 23. Qc2 Ng4 24. Nf4 Bf7 25. Rd7 Qh4 26. h3 Ne5 27. Rd1 g5 28.
Nfd5 g4 29. Nf4 g3 30. Nd7 gxf2+ 31. Qxf2 Qxf2+ 32. Kxf2 Nxd7 33. Rxd7 Bxc4 34.
Rc7 b6 35. axb6 Rxb6 36. Rxc5 Rxb2+ 37. Kg3 Bb5 38. Nd5 Kf7 39. Nc7 Kg6 40.
Nxb5 axb5 41. Rc6+ Kf7 42. Rc7+ Ke6 43. Rxh7 Re2 44. Kf4 Rxg2 45. Rh6+ Kd5 46.
Kxf5 Rf2+ 47. Kg4 b4 48. Rb6 Kc5 49. Rb7 Rf3 50. h4 Rxe3 51. Kf4 Re1 52. h5 Kc4
53. h6 Rh1 54. h7 Rh4+ 55. Ke3 Kc3 56. Rc7+ Kb2 57. Kd2 b3 58. Ke3 Ka2 59. Ra7+
Kb1 60. Rb7 b2 61. Rc7 Ka2 62. Ra7+ Kb3 63. Rb7+ Kc2 64. Rc7+ Kd1 65. Rd7+ Kc1
66. Rc7+ Kb1 67. Ra7 Rh2 68. Kxe4 Kc2 69. Rc7+ Kd2 70. Rd7+ Ke2 71. Rb7 Rh4+
72. Kf5 Rxh7 73. Rxb2+ 1/2-1/2

[Event "XIX Festival A"]
[Site "Porto San Giorgio ITA"]
[Date "2007.08.25"]
[Round "5"]
[White "Tomescu, Vlad"]
[Black "Parpinel, Marco"]
[Result "1-0"]
[WhiteElo "2407"]
[BlackElo "2120"]
[PlyCount "59"]
[EventDate "2007.08.21"]

1. e4 Nc6 2. d4 d5 3. Nc3 e5 4. dxe5 d4 5. Nce2 Bb4+ 6. c3 dxc3 7. Qxd8+ Kxd8
8. bxc3 Ba5 9. Bf4 Nge7 10. O-O-O+ Ke8 11. Bg3 Be6 12. Kb2 b5 13. Nf4 b4 14. c4
Ng6 15. Nxg6 hxg6 16. Nf3 Bb6 17. c5 Bxc5 18. Bb5 Bd7 19. e6 fxe6 20. Rxd7 Kxd7
21. Ne5+ Ke7 22. Nxc6+ Kf7 23. Bxc7 Rac8 24. Bg3 a6 25. Ba4 Rhf8 26. Rd1 Kg8
27. f3 g5 28. h3 Kh7 29. Rd7 Be3 30. Be5 1-0

[Event "XIX Festival A"]
[Site "Porto San Giorgio ITA"]
[Date "2007.08.26"]
[Round "6"]
[White "Andonov, Bogomil"]
[Black "Ferri, Stefano"]
[Result "1-0"]
[WhiteElo "2383"]
[BlackElo "2162"]
[PlyCount "81"]
[EventDate "2007.08.21"]

1. Nf3 Nf6 2. c4 g6 3. Nc3 Bg7 4. e4 d6 5. d4 O-O 6. h3 c5 7. d5 Na6 8. Bd3 Nc7
9. O-O e5 10. a3 a6 11. b4 Nd7 12. Qc2 Rb8 13. Rb1 Qe7 14. Be3 b6 15. Nd2 Ne8
16. Nb3 Qh4 17. bxc5 dxc5 18. a4 Nd6 19. a5 f5 20. f3 b5 21. Nxc5 bxc4 22. Be2
Nb5 23. Nxb5 axb5 24. Ne6 f4 25. Ba7 Ba6 26. Nc7 Rb7 27. Bf2 Qf6 28. d6 Qxd6
29. Nxa6 Qxa6 30. Rxb5 Rc7 31. Bxc4+ Kh8 32. Rc5 Qc8 33. Rxc7 Qxc7 34. Qa2 Ra8
35. a6 Nc5 36. Ra1 Ra7 37. Qa5 Nxa6 38. Bxa7 Qxa7+ 39. Kh1 h5 40. Qxa6 Qd4 41.
Bf7 1-0

[Event "XIX Festival A"]
[Site "Porto San Giorgio ITA"]
[Date "2007.08.26"]
[Round "6"]
[White "Calandri, Fausto"]
[Black "Mrdja, Milan"]
[Result "0-1"]
[WhiteElo "2144"]
[BlackElo "2385"]
[PlyCount "94"]
[EventDate "2007.08.21"]

1. e4 c5 2. Nf3 Nc6 3. d4 cxd4 4. Nxd4 Qc7 5. Nc3 e6 6. Be2 a6 7. Be3 Nf6 8.
O-O Bb4 9. Na4 Be7 10. Nxc6 bxc6 11. Nb6 Rb8 12. Nxc8 Qxc8 13. Bd4 c5 14. Be5
Rb6 15. Qd3 d6 16. Bc3 O-O 17. b3 Nd7 18. f4 Bf6 19. Bxf6 Nxf6 20. Bf3 Qc7 21.
Rad1 a5 22. Rf2 h6 23. Qe3 Rfb8 24. Rfd2 Ne8 25. g3 c4 26. Kg2 cxb3 27. cxb3
Rc6 28. Be2 Rc5 29. Bc4 Rb6 30. Qf3 a4 31. f5 e5 32. Rd3 Nf6 33. R1d2 Kh7 34.
g4 Rxc4 35. bxc4 Qxc4 36. Rxd6 Rxd6 37. Rxd6 Nxe4 38. Rd8 Qxa2+ 39. Kh1 Qb1+
40. Kg2 Qc2+ 41. Kh1 a3 42. Qxa3 Nf2+ 43. Kg2 Nxg4+ 44. Kf3 Qxf5+ 45. Kg2 Qf2+
46. Kh3 Qxh2+ 47. Kxg4 h5+ 0-1

[Event "XIX Festival A"]
[Site "Porto San Giorgio ITA"]
[Date "2007.08.26"]
[Round "6"]
[White "Calavalle, Giulio"]
[Black "Georgiev, Vladimir"]
[Result "1/2-1/2"]
[WhiteElo "2212"]
[BlackElo "2568"]
[PlyCount "101"]
[EventDate "2007.08.21"]

1. e4 e5 2. Nc3 Nf6 3. Bc4 Nc6 4. d3 Na5 5. Nge2 c6 6. Bg5 Bc5 7. O-O h6 8.
Bxf6 Qxf6 9. Na4 Be7 10. Qd2 Nxc4 11. dxc4 d6 12. Rad1 O-O 13. b3 Qg6 14. Ng3
f5 15. exf5 Bxf5 16. Nxf5 Rxf5 17. Nc3 Rf4 18. f3 Raf8 19. Qd3 Qxd3 20. Rxd3 d5
21. cxd5 e4 22. Rdd1 Bc5+ 23. Kh1 exf3 24. Rxf3 Rxf3 25. gxf3 Rxf3 26. Na4 Bb6
27. Kg2 Rf4 28. Nxb6 axb6 29. dxc6 bxc6 30. Rd8+ Kh7 31. Rb8 b5 32. Rb6 Rf6 33.
a4 bxa4 34. bxa4 Rf4 35. Rxc6 Rxa4 36. Kf3 h5 37. Re6 g5 38. Re4 Ra5 39. Ke3
Kg6 40. Kd3 Kf6 41. Re2 Rd5+ 42. Kc4 Rd1 43. Kb5 Rb1+ 44. Kc4 g4 45. Kd3 h4 46.
Rf2+ Kg5 47. c4 Rg1 48. c5 h3 49. c6 g3 50. hxg3 Rc1 51. Rc2 1/2-1/2

[Event "XIX Festival A"]
[Site "Porto San Giorgio ITA"]
[Date "2007.08.26"]
[Round "6"]
[White "Cerquitella, Luca"]
[Black "Bokros, Albert"]
[Result "0-1"]
[WhiteElo "2196"]
[BlackElo "2468"]
[PlyCount "106"]
[EventDate "2007.08.21"]

1. e4 c5 2. Nf3 e6 3. c3 Nf6 4. e5 Nd5 5. d4 cxd4 6. cxd4 d6 7. Bc4 Nc6 8. O-O
Be7 9. Qe2 O-O 10. Qe4 Qc7 11. Re1 Bd7 12. Bg5 Ncb4 13. Nbd2 Bc6 14. a3 Nb6 15.
Qh4 N4d5 16. Bd3 h6 17. Bxe7 Nxe7 18. Rac1 Rad8 19. Bb1 Qd7 20. Ne4 Bxe4 21.
Qxe4 f5 22. exf6 Rxf6 23. Qh7+ Kf7 24. Re4 Nbd5 25. Rg4 Rg8 26. Re1 Kf8 27. Qe4
Qb5 28. b4 Nc3 29. Qc2 Nxb1 30. Rxb1 Kf7 31. Re4 Rc8 32. Qb3 Nd5 33. Rbe1 Rc3
34. Qa2 Qc6 35. h3 a6 36. Qe2 Rc2 37. Nd2 Nc3 38. Qh5+ Ke7 39. Qg4 Nxe4 40.
Nxe4 Rc1 41. Qe2 Rxe1+ 42. Qxe1 Rf8 43. Qe3 Rc8 44. Kh2 Qd5 45. Nd2 Qg5 46. f4
Qd5 47. Nf3 Rc2 48. Qd3 Qf5 49. Qe3 Kd7 50. Nh4 Qd5 51. Qd3 Ra2 52. Nf3 Qf5 53.
Qc3 Qc2 0-1

[Event "XIX Festival A"]
[Site "Porto San Giorgio ITA"]
[Date "2007.08.26"]
[Round "6"]
[White "Farago, Ivan"]
[Black "Brkic, Ante"]
[Result "1/2-1/2"]
[WhiteElo "2501"]
[BlackElo "2558"]
[PlyCount "31"]
[EventDate "2007.08.21"]

1. d4 Nf6 2. c4 e6 3. Nf3 c5 4. d5 b5 5. Bg5 exd5 6. cxd5 d6 7. e4 a6 8. a4 Be7
9. Bxf6 Bxf6 10. axb5 Bxb2 11. Ra2 Bf6 12. Nbd2 O-O 13. Bd3 Bb7 14. O-O axb5
15. Rxa8 Bxa8 16. Bxb5 1/2-1/2

[Event "XIX Festival A"]
[Site "Porto San Giorgio ITA"]
[Date "2007.08.26"]
[Round "6"]
[White "Jones, Gawain C.B."]
[Black "Naumkin, Igor"]
[Result "1-0"]
[WhiteElo "2526"]
[BlackElo "2490"]
[PlyCount "53"]
[EventDate "2007.08.21"]

1. e4 e6 2. d4 d5 3. Nd2 c5 4. exd5 Qxd5 5. Ngf3 cxd4 6. Bc4 Qd6 7. O-O Nf6 8.
Nb3 Nc6 9. Nbxd4 Nxd4 10. Nxd4 Bd7 11. b3 O-O-O 12. Bb2 Qc7 13. Qe2 h5 14. h3
Bc5 15. Nf3 Bc6 16. Ne5 Bd4 17. Bxd4 Rxd4 18. Nxf7 Re4 19. Bxe6+ Kb8 20. Qd3
Rxe6 21. Nxh8 Nd5 22. Rad1 g5 23. Ng6 Qg7 24. c4 Nb6 25. Qg3+ Kc8 26. Nf4 Re8
27. Nd5 1-0

[Event "XIX Festival A"]
[Site "Porto San Giorgio ITA"]
[Date "2007.08.26"]
[Round "6"]
[White "Komarov, Dimitri"]
[Black "La Manna, Francesco"]
[Result "1-0"]
[WhiteElo "2550"]
[BlackElo "2179"]
[PlyCount "33"]
[EventDate "2007.08.21"]

1. d4 Nf6 2. Nf3 d5 3. c4 e6 4. Nc3 c6 5. Bg5 Be7 6. e3 Nbd7 7. Qc2 O-O 8. Rd1
Re8 9. a3 Qc7 10. Bd3 b6 11. cxd5 cxd5 12. Bf4 Qd8 13. Nb5 Bb7 14. Rc1 Nh5 15.
Bc7 Qc8 16. Qb1 Nf8 17. Bg3 1-0

[Event "XIX Festival A"]
[Site "Porto San Giorgio ITA"]
[Date "2007.08.26"]
[Round "6"]
[White "Korneev, Oleg"]
[Black "Horvath, Peter"]
[Result "1-0"]
[WhiteElo "2565"]
[BlackElo "2445"]
[PlyCount "101"]
[EventDate "2007.08.21"]

1. e4 c5 2. Nf3 Nc6 3. d4 cxd4 4. Nxd4 Nf6 5. Nc3 e5 6. Ndb5 d6 7. Bg5 a6 8.
Na3 b5 9. Nd5 Be7 10. Bxf6 Bxf6 11. c4 b4 12. Nc2 a5 13. g3 O-O 14. Bg2 Bg5 15.
O-O Ne7 16. Nce3 Bxe3 17. Nxe3 Be6 18. Qd3 Qd7 19. f4 f6 20. f5 Bf7 21. g4 Nc6
22. Rf3 Nd4 23. Rg3 a4 24. Kh1 b3 25. a3 Rac8 26. g5 fxg5 27. Rxg5 Kh8 28. Rg1
Qc6 29. Qd2 Rc7 30. Rc1 Qa6 31. Rg3 Rfc8 32. Bf1 Qb7 33. Qg2 Bg8 34. Bd3 Rf8
35. Rg1 Rf6 36. h4 Rh6 37. Rh3 Rf6 38. h5 h6 39. Rg3 Rf8 40. Rg6 Bh7 41. Rxd6
Rd7 42. Rxd7 Qxd7 43. Nd5 Qf7 44. Qg4 Rd8 45. Rf1 Rd6 46. Kg2 Bg8 47. Qg3 Nc6
48. c5 Rd7 49. f6 Qxh5 50. Bb5 Bh7 51. fxg7+ 1-0

[Event "XIX Festival A"]
[Site "Porto San Giorgio ITA"]
[Date "2007.08.26"]
[Round "6"]
[White "Krivoshey, Sergei"]
[Black "Tomescu, Vlad"]
[Result "1-0"]
[WhiteElo "2500"]
[BlackElo "2407"]
[PlyCount "65"]
[EventDate "2007.08.21"]

1. Nf3 b5 2. e4 Bb7 3. Bxb5 Bxe4 4. d4 Nf6 5. c4 e6 6. O-O Be7 7. Nc3 Bb7 8.
Ba4 O-O 9. Re1 c6 10. Rb1 a5 11. a3 Na6 12. h3 Rb8 13. Bf4 Nc7 14. Ne5 Ba8 15.
Bg3 Re8 16. c5 Rb7 17. Qf3 Rf8 18. Bc2 Ncd5 19. Nc4 Ra7 20. Be5 Bb7 21. g4 Ba6
22. Nd6 Ne8 23. Nxe8 Qxe8 24. Nxd5 cxd5 25. b4 axb4 26. axb4 f6 27. Bg3 Rb7 28.
b5 Rxb5 29. Qd3 Qg6 30. Rxb5 Bxb5 31. Qxb5 Qxc2 32. Qxd7 Rf7 33. Qxe6 1-0

[Event "XIX Festival A"]
[Site "Porto San Giorgio ITA"]
[Date "2007.08.26"]
[Round "6"]
[White "Michalczak, Thomas"]
[Black "Sulava, Nenad"]
[Result "1/2-1/2"]
[WhiteElo "2324"]
[BlackElo "2544"]
[PlyCount "34"]
[EventDate "2007.08.21"]

1. e4 c5 2. c3 e6 3. d4 cxd4 4. cxd4 Ne7 5. Nc3 d5 6. exd5 Nxd5 7. Nf3 Bd6 8.
Bd3 Nxc3 9. bxc3 Qc7 10. Bb2 Nd7 11. O-O b6 12. c4 Bb7 13. Re1 O-O 14. Ng5 h6
15. d5 e5 16. Ne4 f5 17. Nxd6 Qxd6 1/2-1/2

[Event "XIX Festival A"]
[Site "Porto San Giorgio ITA"]
[Date "2007.08.26"]
[Round "6"]
[White "Miezis, Normunds"]
[Black "Trent, Lawrence"]
[Result "1-0"]
[WhiteElo "2524"]
[BlackElo "2458"]
[PlyCount "79"]
[EventDate "2007.08.21"]

1. c4 Nf6 2. Nc3 g6 3. g3 Bg7 4. Bg2 O-O 5. e4 d6 6. Nge2 c5 7. O-O Nc6 8. a3
Bd7 9. Rb1 Qc8 10. Nf4 Rb8 11. b4 cxb4 12. axb4 Nd4 13. d3 b5 14. Ncd5 Nxd5 15.
Nxd5 Re8 16. Bg5 Qd8 17. Qd2 Bh3 18. f3 Bxg2 19. Kxg2 Qd7 20. Rfc1 Rb7 21. Qf2
f5 22. Be3 Nc6 23. Qa2 e6 24. Nf4 bxc4 25. Qxc4 Ne5 26. Qa6 fxe4 27. dxe4 Qf7
28. Qe2 d5 29. Nd3 Nc4 30. Bg1 Rbe7 31. Re1 g5 32. Bc5 Rd7 33. Nf2 Ne5 34. exd5
exd5 35. Nd3 d4 36. f4 gxf4 37. gxf4 Re6 38. fxe5 Bh6 39. Kh1 Be3 40. Rf1 1-0

[Event "XIX Festival A"]
[Site "Porto San Giorgio ITA"]
[Date "2007.08.26"]
[Round "6"]
[White "Ninov, Nikolai Ivanov"]
[Black "Rigo, Janos"]
[Result "1-0"]
[WhiteElo "2536"]
[BlackElo "2292"]
[PlyCount "109"]
[EventDate "2007.08.21"]

1. e4 c5 2. Nf3 Nc6 3. d4 cxd4 4. Nxd4 Nf6 5. Nc3 g6 6. Nxc6 dxc6 7. Qxd8+ Kxd8
8. Bc4 Ke8 9. e5 Ng4 10. f4 h5 11. Ne4 Bf5 12. Nc5 b6 13. Nd3 Be4 14. Ba6 Bxg2
15. Rg1 Be4 16. h3 Nh6 17. Nf2 Bxc2 18. Bb7 Rb8 19. Bxc6+ Kd8 20. Rg3 e6 21.
Bd2 Bc5 22. Rc1 Rc8 23. Bb5 Bd4 24. Ra3 a5 25. Nd3 Ke7 26. b4 Rhd8 27. f5 Ng8
28. f6+ Nxf6 29. Bg5 Rd5 30. Bxf6+ Kf8 31. Kd2 Bb2 32. Rxc2 Rxc2+ 33. Kxc2 Bxa3
34. Bc6 Rd4 35. Kc3 Rxd3+ 36. Kxd3 Bxb4 37. Kc4 Bc5 38. Kb5 Bd4 39. h4 Kg8 40.
a4 Kf8 41. Ka6 Bc5 42. Kb7 Bd4 43. Kc7 Bc5 44. Bd7 Bd4 45. Kc6 Kg8 46. Kb5 Kf8
47. Bc6 Kg8 48. Bd8 Bxe5 49. Bxb6 Bg3 50. Bxa5 Bxh4 51. Bb4 Bd8 52. Bc5 Bc7 53.
Bb6 Bb8 54. a5 f5 55. Ka6 1-0

[Event "XIX Festival A"]
[Site "Porto San Giorgio ITA"]
[Date "2007.08.26"]
[Round "6"]
[White "Piccirillo, Edoardo"]
[Black "Kononenko, Tatiana"]
[Result "0-1"]
[WhiteElo "1782"]
[BlackElo "2393"]
[PlyCount "64"]
[EventDate "2007.08.21"]

1. d4 d5 2. c4 c6 3. Nc3 dxc4 4. e3 b5 5. a4 b4 6. Na2 e6 7. Bxc4 Nf6 8. Nf3
Be7 9. O-O O-O 10. Bd2 a5 11. Nc1 Bb7 12. Nd3 Nbd7 13. b3 c5 14. Nxc5 Nxc5 15.
dxc5 Ne4 16. c6 Bxc6 17. Nd4 Bd5 18. Bd3 Bxb3 19. Qxb3 Nxd2 20. Bxh7+ Kh8 21.
Qd1 Kxh7 22. Qxd2 Bf6 23. Rfd1 Rc8 24. Rac1 Qd5 25. h3 Bxd4 26. Qd3+ g6 27.
exd4 Rxc1 28. Rxc1 Rd8 29. Qb5 Qxb5 30. axb5 Rb8 31. Kf1 b3 32. Ke2 b2 0-1

[Event "XIX Festival A"]
[Site "Porto San Giorgio ITA"]
[Date "2007.08.26"]
[Round "6"]
[White "Rausis, Igors"]
[Black "Di Caro, Calogero"]
[Result "1-0"]
[WhiteElo "2524"]
[BlackElo "2366"]
[PlyCount "61"]
[EventDate "2007.08.21"]

1. e4 e5 2. Nf3 Nc6 3. Bb5 g6 4. Bxc6 dxc6 5. O-O Bg4 6. h3 Bxf3 7. Qxf3 Qd7 8.
d3 f6 9. Be3 O-O-O 10. Nd2 h5 11. Nb3 g5 12. Qe2 g4 13. h4 f5 14. exf5 Qxf5 15.
Rae1 Re8 16. Bg5 Nf6 17. f4 e4 18. Qf2 Bg7 19. Qxa7 Nd7 20. dxe4 Rxe4 21. Rxe4
Qxe4 22. Qa8+ Nb8 23. Qxb7+ Kxb7 24. Nc5+ Kc8 25. Nxe4 Bxb2 26. f5 Bd4+ 27. Kh2
Re8 28. Ng3 Nd7 29. Nxh5 Rh8 30. Nf4 Be5 31. Kg3 1-0

[Event "XIX Festival A"]
[Site "Porto San Giorgio ITA"]
[Date "2007.08.26"]
[Round "6"]
[White "Rotstein, Arkadij"]
[Black "Cioara, Andrei Nestor"]
[Result "1/2-1/2"]
[WhiteElo "2515"]
[BlackElo "2430"]
[PlyCount "84"]
[EventDate "2007.08.21"]

1. Nf3 e6 2. b3 d5 3. Bb2 c5 4. e3 Nc6 5. d4 Nf6 6. Bd3 Be7 7. O-O O-O 8. Nbd2
a6 9. Ne5 Nd7 10. f4 f5 11. g4 Nf6 12. g5 Ne4 13. Ndf3 Bd7 14. Nxc6 Bxc6 15.
Ne5 Be8 16. Bxe4 fxe4 17. dxc5 Bxc5 18. Bd4 Bd6 19. Qg4 Rf5 20. h4 Rc8 21. Rf2
Bc5 22. Bxc5 Rxc5 23. Qd1 h6 24. Qd4 Rc7 25. c4 Bh5 26. cxd5 exd5 27. Rd2 Bf7
28. Rad1 Qc8 29. gxh6 Bh5 30. Qxd5+ Kh7 31. Rf1 Rc1 32. hxg7 Rg5+ 33. hxg5
Rxf1+ 34. Kxf1 Qh3+ 35. Rg2 Qh1+ 36. Rg1 Qh3+ 37. Rg2 Qh1+ 38. Kf2 Qh4+ 39. Rg3
Qh2+ 40. Rg2 Qh4+ 41. Rg3 Qh2+ 42. Kf1 Qh1+ 1/2-1/2

[Event "XIX Festival A"]
[Site "Porto San Giorgio ITA"]
[Date "2007.08.26"]
[Round "6"]
[White "Tomba, Ivan"]
[Black "Fedorchuk, Sergey A."]
[Result "0-1"]
[WhiteElo "2244"]
[BlackElo "2618"]
[PlyCount "82"]
[EventDate "2007.08.21"]

1. e4 c5 2. Nf3 d6 3. d4 cxd4 4. Nxd4 Nf6 5. Nc3 e6 6. Bc4 Be7 7. Bb3 Na6 8.
Qf3 Nc5 9. g4 Qa5 10. Bd2 Ncxe4 11. Nxe4 Qe5 12. O-O-O Qxe4 13. Qxe4 Nxe4 14.
Nb5 Nxd2 15. Kxd2 O-O 16. Kc1 d5 17. f4 Bd7 18. Nd4 Rfe8 19. h3 b5 20. c3 a5
21. Bc2 Rab8 22. Nf3 Rec8 23. Ne5 Be8 24. Nd3 Rc4 25. Kb1 b4 26. cxb4 Bxb4 27.
Rhf1 Bd6 28. Bb3 Rc7 29. Rc1 Bb5 30. Rfd1 Rxc1+ 31. Kxc1 Bxd3 32. Rxd3 Bxf4+
33. Kb1 Be5 34. Rd2 g6 35. Bd1 Kg7 36. b3 Rc8 37. Rc2 Rxc2 38. Kxc2 f5 39. Kd3
Kf6 40. Ke3 Kg5 41. Kf3 Bd6 0-1

[Event "XIX Festival A"]
[Site "Porto San Giorgio ITA"]
[Date "2007.08.26"]
[Round "6"]
[White "Zaja, Ivan"]
[Black "Bontempi, Piero"]
[Result "1-0"]
[WhiteElo "2464"]
[BlackElo "2349"]
[PlyCount "55"]
[EventDate "2007.08.21"]

1. d4 d5 2. c4 Bf5 3. Qb3 e5 4. cxd5 exd4 5. Nf3 Bc5 6. Qc4 Qe7 7. Nxd4 Bxb1 8.
Rxb1 Qe4 9. Qxc5 Qxb1 10. f3 Nd7 11. Qc3 Ngf6 12. e4 O-O 13. Bd3 Qxa2 14. Bc4
Qb1 15. O-O Nxe4 16. fxe4 Qxe4 17. Nf5 Qe5 18. Qh3 Nf6 19. Be3 Qe4 20. Bd4 Qg4
21. Qxg4 Nxg4 22. h3 Nh6 23. Nxh6+ gxh6 24. Rf3 f6 25. d6+ Kg7 26. Rg3+ Kh8 27.
dxc7 Rac8 28. Be6 1-0

[Event "XIX Festival A"]
[Site "Porto San Giorgio ITA"]
[Date "2007.08.27"]
[Round "7"]
[White "Bokros, Albert"]
[Black "Michalczak, Thomas"]
[Result "1/2-1/2"]
[WhiteElo "2468"]
[BlackElo "2324"]
[PlyCount "38"]
[EventDate "2007.08.21"]

1. e4 e5 2. Nf3 Nc6 3. Bb5 a6 4. Ba4 Nf6 5. O-O Be7 6. Qe2 b5 7. Bb3 O-O 8. c3
d5 9. d3 Bb7 10. Nbd2 Re8 11. Re1 Bf8 12. Nf1 Na5 13. Bc2 c5 14. Ng3 Qd7 15.
Bg5 dxe4 16. dxe4 Qe6 17. b3 h6 18. Be3 g6 19. Rad1 Rad8 1/2-1/2

[Event "XIX Festival A"]
[Site "Porto San Giorgio ITA"]
[Date "2007.08.27"]
[Round "7"]
[White "Cioara, Andrei Nestor"]
[Black "Ninov, Nikolai Ivanov"]
[Result "0-1"]
[WhiteElo "2430"]
[BlackElo "2536"]
[PlyCount "58"]
[EventDate "2007.08.21"]

1. d4 Nf6 2. c4 e6 3. g3 d5 4. Bg2 dxc4 5. Nf3 b5 6. Ne5 Nd5 7. a4 c6 8. O-O
Bb7 9. Nc3 a6 10. e4 Nb4 11. d5 Bd6 12. Nxc6 N8xc6 13. dxc6 Bxc6 14. axb5 axb5
15. Rxa8 Bxa8 16. Nxb5 Bc5 17. Qxd8+ Kxd8 18. Na3 Nd3 19. Nxc4 Ke7 20. Be3 Bxe3
21. fxe3 Rb8 22. Ra1 Bc6 23. Ra7+ Kf8 24. e5 Bd5 25. Nd6 Nxe5 26. Nf5 g6 27.
Nd4 Rxb2 28. Ra5 Ng4 29. Rxd5 Rb1+ 0-1

[Event "XIX Festival A"]
[Site "Porto San Giorgio ITA"]
[Date "2007.08.27"]
[Round "7"]
[White "Csala, Imre"]
[Black "Sbraccia, Giovanni"]
[Result "1-0"]
[WhiteElo "2273"]
[BlackElo "2145"]
[PlyCount "65"]
[EventDate "2007.08.21"]

1. d4 Nf6 2. c4 c5 3. d5 b5 4. a4 b4 5. Qc2 g6 6. e4 d6 7. Bd3 Bg7 8. Ne2 O-O
9. a5 e6 10. O-O Na6 11. f3 Nc7 12. Nd2 Ba6 13. Nb3 Rc8 14. dxe6 fxe6 15. e5
Nd7 16. exd6 Ne8 17. Nf4 Qf6 18. Re1 e5 19. Nd5 Qxd6 20. Bg5 Nef6 21. Rad1 Qe6
22. Nd2 Rfe8 23. Ne4 Nxe4 24. Bxe4 Kh8 25. b3 Qf7 26. Ne3 Nf8 27. Bd5 Ne6 28.
Bxe6 Qxe6 29. Qe4 Bf6 30. Bxf6+ Qxf6 31. Rd7 Rcd8 32. Nd5 Qc6 33. Rxd8 1-0

[Event "XIX Festival A"]
[Site "Porto San Giorgio ITA"]
[Date "2007.08.27"]
[Round "7"]
[White "Di Caro, Calogero"]
[Black "Piva, Giorgio"]
[Result "1-0"]
[WhiteElo "2366"]
[BlackElo "2148"]
[PlyCount "69"]
[EventDate "2007.08.21"]

1. e4 c5 2. Nf3 d6 3. d4 cxd4 4. Nxd4 Nf6 5. Nc3 g6 6. Be2 Bg7 7. O-O Nc6 8.
Nb3 O-O 9. Re1 Be6 10. Bf1 a6 11. Nd5 b5 12. c3 Rb8 13. Bg5 Re8 14. Nxf6+ exf6
15. Bf4 Ne5 16. Nd4 Qc7 17. Bg3 Bc4 18. Nc2 Bxf1 19. Kxf1 Qc4+ 20. Kg1 a5 21.
f3 b4 22. cxb4 axb4 23. Ne3 Qa6 24. Qb3 Bh6 25. Nd5 Kg7 26. Rad1 Rec8 27. Bh4
Bg5 28. Bf2 Nc6 29. f4 Bh6 30. Bh4 g5 31. Qg3 Kh8 32. fxg5 fxg5 33. Bxg5 Rg8
34. Bf6+ Bg7 35. Qxd6 1-0

[Event "XIX Festival A"]
[Site "Porto San Giorgio ITA"]
[Date "2007.08.27"]
[Round "7"]
[White "Fedorchuk, Sergey A."]
[Black "Jones, Gawain C.B."]
[Result "1/2-1/2"]
[WhiteElo "2618"]
[BlackElo "2526"]
[PlyCount "36"]
[EventDate "2007.08.21"]

1. e4 c5 2. Nf3 g6 3. d4 cxd4 4. Nxd4 Bg7 5. Nc3 Nc6 6. Be3 Nf6 7. Bc4 O-O 8.
Bb3 a5 9. O-O a4 10. Nxa4 Nxe4 11. Nb5 Rxa4 12. Bxa4 Bxb2 13. Rb1 Bg7 14. Bb3
d6 15. Re1 Bf5 16. Bd5 Nf6 17. Bf3 Qc8 18. Bd2 Be6 1/2-1/2

[Event "XIX Festival A"]
[Site "Porto San Giorgio ITA"]
[Date "2007.08.27"]
[Round "7"]
[White "Horvath, Peter"]
[Black "Peredy, Ferenc"]
[Result "1-0"]
[WhiteElo "2445"]
[BlackElo "2283"]
[PlyCount "59"]
[EventDate "2007.08.21"]

1. d4 c5 2. d5 e5 3. e4 d6 4. Nc3 Be7 5. Be2 Bg5 6. Bg4 Bxc1 7. Rxc1 Bxg4 8.
Qxg4 Nf6 9. Qe2 Nbd7 10. Nf3 a6 11. a4 O-O 12. O-O Qe7 13. Nd2 Ne8 14. Nc4 g6
15. a5 Ng7 16. Na4 f5 17. Nab6 Nxb6 18. Nxb6 Rae8 19. f3 Rf7 20. c3 h5 21. b4
Qc7 22. Qe3 fxe4 23. bxc5 dxc5 24. Qxe4 Nf5 25. g4 Nh4 26. Rcd1 Qd6 27. Nc4 Qd7
28. d6 Qe6 29. Kh1 Rf4 30. Qxe5 1-0

[Event "XIX Festival A"]
[Site "Porto San Giorgio ITA"]
[Date "2007.08.27"]
[Round "7"]
[White "Kononenko, Tatiana"]
[Black "Rausis, Igors"]
[Result "1/2-1/2"]
[WhiteElo "2393"]
[BlackElo "2524"]
[PlyCount "113"]
[EventDate "2007.08.21"]

1. d4 d5 2. c4 dxc4 3. e3 Nf6 4. Bxc4 g6 5. Nf3 Bg7 6. O-O O-O 7. Nc3 c5 8.
dxc5 Qa5 9. h3 Nbd7 10. a3 Qxc5 11. Qe2 Ne5 12. Ba2 Bd7 13. e4 Nxf3+ 14. Qxf3
Bc6 15. Be3 Qe5 16. Bf4 Qh5 17. g4 Qa5 18. b4 Qb6 19. b5 Be8 20. e5 Nd7 21.
Rfe1 e6 22. a4 Rc8 23. Rac1 Qa5 24. Qe3 Rc5 25. Qd4 Qb6 26. Kg2 a6 27. Bb3 axb5
28. axb5 Qc7 29. Ne4 Rxc1 30. Rxc1 Qa5 31. Nd6 Nb8 32. Bc4 Qd8 33. Qa7 g5 34.
Bg3 Nd7 35. Qe3 b6 36. Bd3 Nc5 37. Bb1 f6 38. exf6 Qxf6 39. Re1 Bg6 40. Bxg6
Qxg6 41. Nc4 Qe8 42. Bd6 Qa8+ 43. f3 Qa2+ 44. Qe2 Ra8 45. Kg3 Bc3 46. Nxb6
Bxe1+ 47. Qxe1 Nd3 48. Qe3 Nf4 49. Bxf4 Ra3 50. Qe5 gxf4+ 51. Qxf4 Qe2 52. Qg5+
Kf7 53. Qh5+ Kg7 54. Qg5+ Kf7 55. Qh5+ Kg7 56. Qg5+ Kf7 57. Qh5+ 1/2-1/2

[Event "XIX Festival A"]
[Site "Porto San Giorgio ITA"]
[Date "2007.08.27"]
[Round "7"]
[White "Miezis, Normunds"]
[Black "Farago, Ivan"]
[Result "1/2-1/2"]
[WhiteElo "2524"]
[BlackElo "2501"]
[PlyCount "97"]
[EventDate "2007.08.21"]

1. c4 e6 2. e4 c5 3. Nc3 Nc6 4. g3 g6 5. Bg2 Bg7 6. Nge2 Nge7 7. a3 d6 8. Rb1
b6 9. b4 Bb7 10. d3 Qd7 11. O-O O-O 12. Be3 Nd4 13. h3 Nec6 14. Kh2 Nxe2 15.
Nxe2 Nd4 16. Nxd4 cxd4 17. Bd2 f5 18. Qe2 e5 19. f4 Rae8 20. Rbe1 Rf7 21. fxe5
dxe5 22. g4 fxg4 23. Qxg4 Qxg4 24. hxg4 Rxf1 25. Rxf1 Rf8 26. g5 Rxf1 27. Bxf1
Bc8 28. Be2 Kf7 29. Bd1 Ke8 30. Kg3 Bf8 31. Kf2 Be7 32. Bb3 Be6 33. Ke1 Bg4 34.
Ba4+ Bd7 35. Bd1 Kd8 36. a4 Kc7 37. Bb3 Bg4 38. a5 bxa5 39. bxa5 Bc5 40. Ba4
Bd7 41. Bb5 Bc6 42. Ba6 Bb7 43. Bb5 Bc6 44. Kd1 Kb7 45. Kc2 a6 46. Bxc6+ Kxc6
47. Kb3 Be7 48. Kc2 Kc7 49. Kb3 1/2-1/2

[Event "XIX Festival A"]
[Site "Porto San Giorgio ITA"]
[Date "2007.08.27"]
[Round "7"]
[White "Naumkin, Igor"]
[Black "Popchev, Milko"]
[Result "1/2-1/2"]
[WhiteElo "2490"]
[BlackElo "2456"]
[PlyCount "27"]
[EventDate "2007.08.21"]

1. d4 f5 2. Nf3 Nf6 3. g3 e6 4. Bg2 d5 5. O-O Bd6 6. c4 c6 7. b3 Be7 8. Bb2 O-O
9. Nbd2 b6 10. Ne5 Bb7 11. Ndf3 Nbd7 12. Rc1 Rc8 13. e3 Ne4 14. Nd3 1/2-1/2

[Event "XIX Festival A"]
[Site "Porto San Giorgio ITA"]
[Date "2007.08.27"]
[Round "7"]
[White "Rendle, Thomas E."]
[Black "Bentivegna, Francesco"]
[Result "1/2-1/2"]
[WhiteElo "2416"]
[BlackElo "2277"]
[PlyCount "61"]
[EventDate "2007.08.21"]

1. e4 e5 2. Nf3 Nc6 3. Bb5 a6 4. Ba4 Nf6 5. Qe2 b5 6. Bb3 Be7 7. O-O O-O 8. c3
d5 9. d3 Be6 10. Rd1 Qd7 11. Nbd2 Rfe8 12. Nf1 Rad8 13. Bg5 h6 14. Bh4 Nh5 15.
Bxe7 Nf4 16. Qe3 Qxe7 17. d4 Qf6 18. dxe5 Nxe5 19. Nxe5 Qxe5 20. exd5 Qg5 21.
g3 Nxd5 22. Qxg5 hxg5 23. Rd2 Rd7 24. Re1 Red8 25. f3 c5 26. Re5 c4 27. Bc2 b4
28. cxb4 Nxb4 29. Rxd7 Rxd7 30. Ba4 Rd5 31. Rxd5 1/2-1/2